000 00710nam a2200205 a 4500
008 120416s1999 ||||||||||||||||| || u
020 _a0471987719
050 _aTA 656.5 Mel
100 _aMelchers, Robert E
245 1 0 _aStructural reliability analysis and prediction
250 _a2nd ed.
260 _aNew York
_bJohn Wiley and Sons
_c1999
300 _axviii, 437p. : ill.
350 _a0.00
500 _aBibliography.
650 0 _aPROBABILITIES
650 _aRELIABILITY (ENGINEERING)
650 _aSTRUCTURAL STABILITY
995 _D0.00
_FCBU-MAIN LIBRARY (Kitwe)
_H1
_I35.00
_M1
_UAVAILABLE
_WOct 6, 2006
_ZMain Library Open Access Collection
999 _c58694
_d58694